[Event "37. Copenhagen Open (Politiken Cup)"]
[Site "Elsinore"]
[Date "2015.08.01"]
[Round "9"]
[White "Rendlev, Niels Moller"]
[Black "Kristensen, Thomas Overgaard"]
[Result "1-0"]
[WhiteElo "1785"]
[BlackElo "1545"]
[PlyCount "59"]
[EventDate "2015.07.25"]
[EventType "swiss"]
[EventRounds "10"]
[EventCountry "DEN"]
[Source "ChessBase"]
[SourceDate "2015.09.14"]

1. e4 c6 2. d4 d5 3. exd5 cxd5 4. f4 Nf6 5. Nf3 h5 6. Be2 Nc6 7. c3 Bf5 8. Bd3
Bxd3 9. Qxd3 e6 10. Nbd2 Bd6 11. Ne5 O-O 12. h3 Rc8 13. Qf3 Qb6 14. Nb3 Rc7 15.
g4 g6 16. Rg1 Nxe5 17. fxe5 Bxe5 18. Be3 hxg4 19. hxg4 Nd7 20. dxe5 Nxe5 21.
Qe2 Qd6 22. O-O-O Rc4 23. Bc5 Rxc5 24. Nxc5 Nxg4 25. Nxe6 Qxe6 26. Qxg4 Qa6 27.
Kb1 Qe6 28. Qd4 Qe4+ 29. Ka1 Rd8 30. Qxe4 1-0

[Event "37. Copenhagen Open (Politiken Cup)"]
[Site "Elsinore"]
[Date "2015.08.01"]
[Round "9"]
[White "Rewitz, Poul"]
[Black "Jensen, Ib"]
[Result "1-0"]
[WhiteElo "2184"]
[BlackElo "1948"]
[PlyCount "95"]
[EventDate "2015.07.25"]
[EventType "swiss"]
[EventRounds "10"]
[EventCountry "DEN"]
[Source "ChessBase"]
[SourceDate "2015.09.14"]

1. c3 d5 2. g3 g6 3. Bg2 Bg7 4. f4 Nf6 5. Nf3 O-O 6. O-O c6 7. Na3 Nbd7 8. d3
Re8 9. Nc2 Nc5 10. Be3 Na4 11. Ncd4 Nb6 12. h3 Bd7 13. Ne5 Qc7 14. a4 Rad8 15.
b4 Nc8 16. g4 a5 17. b5 c5 18. Ndf3 b6 19. Qe1 Na7 20. Bf2 Bc8 21. Bg3 e6 22.
Bh2 Qe7 23. Rb1 d4 24. cxd4 Nd5 25. dxc5 Qxc5+ 26. Kh1 Qa3 27. Qh4 f6 28. Nc4
Qxa4 29. f5 Nxb5 30. e4 Ndc3 31. g5 Rf8 32. Nxb6 Qc2 33. Nxc8 Rxc8 34. Rbc1
Qxd3 35. e5 Rc4 36. Qe1 Re4 37. Qd2 Qxd2 38. Nxd2 Re2 39. Nb1 Nxb1 40. Rxb1 Nd4
41. exf6 Bh8 42. fxg6 hxg6 43. Bd6 Rf7 44. Rfc1 Nc2 45. Rb8+ Kh7 46. Be7 Re1+
47. Rxe1 Nxe1 48. Be4 1-0

[Event "37. Copenhagen Open (Politiken Cup)"]
[Site "Elsinore"]
[Date "2015.08.01"]
[Round "9"]
[White "Rishovd, Svein"]
[Black "Nahnsen, Kenneth"]
[Result "0-1"]
[WhiteElo "2094"]
[BlackElo "1960"]
[PlyCount "106"]
[EventDate "2015.07.25"]
[EventType "swiss"]
[EventRounds "10"]
[EventCountry "DEN"]
[Source "ChessBase"]
[SourceDate "2015.09.14"]

1. d4 c5 2. d5 g6 3. e4 Bg7 4. Nc3 d6 5. Bb5+ Bd7 6. a4 Bxc3+ 7. bxc3 Bxb5 8.
axb5 a5 9. c4 Nd7 10. Bb2 f6 11. f4 h5 12. Nf3 Rh7 13. O-O Qc7 14. e5 b6 15. e6
Nf8 16. Qd3 h4 17. h3 Rh5 18. Rae1 Nh6 19. Bxf6 exf6 20. e7 Qxe7 21. Rxe7+ Kxe7
22. Re1+ Kd7 23. Qc3 Ng8 24. Ng5 Nh7 25. Qe3 Nf8 26. Ne6 Rh7 27. Qd3 Ne7 28.
Nd4 cxd4 29. Qxd4 Kc7 30. c5 bxc5 31. b6+ Kxb6 32. Qxf6 Nf5 33. Qb2+ Kc7 34.
Rb1 Kc8 35. Qb5 Kd8 36. Qc6 Rc8 37. Qb6+ Ke8 38. Qb5+ Rd7 39. Qxa5 Kf7 40. Qc3
Re8 41. Qh8 Rde7 42. Qc3 Nd7 43. Rb7 Nf6 44. Rxe7+ Rxe7 45. Qd3 Nh5 46. Qc4
Nhg3 47. Kf2 Nd4 48. c3 Re2+ 49. Kg1 Ndf5 50. Qb5 Re1+ 51. Kf2 Rf1+ 52. Qxf1
Nxf1 53. Kxf1 Ne3+ 0-1

[Event "37. Copenhagen Open (Politiken Cup)"]
[Site "Elsinore"]
[Date "2015.08.01"]
[Round "9"]
[White "Roder, Peter"]
[Black "Philipsen, William Horup"]
[Result "1/2-1/2"]
[WhiteElo "2144"]
[BlackElo "1943"]
[PlyCount "41"]
[EventDate "2015.07.25"]
[EventType "swiss"]
[EventRounds "10"]
[EventCountry "DEN"]
[Source "ChessBase"]
[SourceDate "2015.09.14"]

1. d4 d5 2. c4 e5 3. dxe5 d4 4. Nf3 Nc6 5. a3 Bg4 6. Nbd2 Qe7 7. Qa4 O-O-O 8.
b4 Kb8 9. Bb2 Nxe5 10. O-O-O Nxf3 11. Nxf3 Bxf3 12. exf3 c5 13. bxc5 Qxc5 14.
Qb5 Nf6 15. Bd3 a6 16. Qxc5 Bxc5 17. Rhe1 Rhe8 18. Kc2 Rxe1 19. Rxe1 Kc7 20. g3
Nd7 21. Bc1 1/2-1/2

[Event "37. Copenhagen Open (Politiken Cup)"]
[Site "Elsinore"]
[Date "2015.08.01"]
[Round "9"]
[White "Rolvag, Mikael"]
[Black "Rydstrom, Tom"]
[Result "0-1"]
[WhiteElo "2193"]
[BlackElo "2346"]
[PlyCount "68"]
[EventDate "2015.07.25"]
[EventType "swiss"]
[EventRounds "10"]
[EventCountry "DEN"]
[Source "ChessBase"]
[SourceDate "2015.09.14"]

1. d4 Nf6 2. c4 e6 3. Nf3 b6 4. a3 Bb7 5. Nc3 Be7 6. Qc2 d5 7. cxd5 exd5 8. g3
O-O 9. Bg2 Nbd7 10. O-O c5 11. Bf4 Rc8 12. Nb5 cxd4 13. Qd1 d3 14. exd3 a6 15.
Nbd4 Re8 16. b4 Nh5 17. Be3 g6 18. Qb3 Bf6 19. Rac1 Ng7 20. Rxc8 Qxc8 21. Rc1
Qd8 22. Nc6 Bxc6 23. Rxc6 Nf5 24. Bf4 Nf8 25. g4 Nd4 26. Nxd4 Re1+ 27. Bf1 Bxd4
28. Bg3 Qd7 29. Rd6 Qxg4 30. Qxd5 Qe2 31. Qg2 Ne6 32. h4 Rd1 33. Rd5 Bf6 34. h5
Ng5 0-1

[Event "37. Copenhagen Open (Politiken Cup)"]
[Site "Elsinore"]
[Date "2015.08.01"]
[Round "9"]
[White "Rosenkilde, Alexander"]
[Black "Hansson, Fredrik"]
[Result "1-0"]
[WhiteElo "2225"]
[BlackElo "2036"]
[PlyCount "83"]
[EventDate "2015.07.25"]
[EventType "swiss"]
[EventRounds "10"]
[EventCountry "DEN"]
[Source "ChessBase"]
[SourceDate "2015.09.14"]

1. d4 d5 2. c4 c6 3. Nf3 Nf6 4. e3 a6 5. Bd3 Bg4 6. Nbd2 e6 7. O-O Nbd7 8. Qc2
Bd6 9. b3 O-O 10. Bb2 Bh5 11. h3 Bg6 12. Bxg6 hxg6 13. e4 dxe4 14. Nxe4 Nxe4
15. Qxe4 Nf6 16. Qc2 c5 17. Rfd1 Qe7 18. d5 exd5 19. cxd5 Rfe8 20. Re1 Qd7 21.
Qd3 Rad8 22. Rxe8+ Rxe8 23. Bxf6 gxf6 24. Re1 Rd8 25. h4 Bf8 26. Rd1 Qg4 27. g3
Bd6 28. Kg2 f5 29. h5 gxh5 30. Nh4 f4 31. Nf5 Qg6 32. Qe4 fxg3 33. fxg3 Kf8 34.
Re1 Qg5 35. Re2 Bxg3 36. Nxg3 h4 37. Re3 hxg3 38. d6 Rxd6 39. Qe8+ Kg7 40. Rxg3
Rd2+ 41. Kh3 Rd3 42. Qe5+ 1-0

[Event "37. Copenhagen Open (Politiken Cup)"]
[Site "Elsinore"]
[Date "2015.08.01"]
[Round "9"]
[White "Rossen, Claus"]
[Black "Johansson, Linus"]
[Result "1/2-1/2"]
[WhiteElo "2193"]
[BlackElo "2379"]
[PlyCount "110"]
[EventDate "2015.07.25"]
[EventType "swiss"]
[EventRounds "10"]
[EventCountry "DEN"]
[Source "ChessBase"]
[SourceDate "2015.09.14"]

1. d4 Nf6 2. c4 e6 3. Nc3 Bb4 4. Qc2 c5 5. Nf3 cxd4 6. Nxd4 Nc6 7. Nxc6 dxc6 8.
a3 Be7 9. e4 e5 10. Be2 O-O 11. O-O Be6 12. h3 Bc5 13. b4 Bd4 14. Bb2 Qe7 15.
Na4 Rfd8 16. Rad1 a5 17. Bxd4 Rxd4 18. Rxd4 exd4 19. Nb6 Re8 20. c5 axb4 21.
axb4 Nd7 22. Nxd7 Bxd7 23. Bf3 Qg5 24. Qc1 Qf6 25. Qa3 g6 26. Rd1 Bc8 27. Qd3
Rd8 28. Bg4 Bxg4 29. hxg4 Qe6 30. f3 Qa2 31. Rd2 Qa1+ 32. Kf2 Qc1 33. g5 Kg7
34. f4 h6 35. gxh6+ Kxh6 36. f5 Kg7 37. g3 Qc3 38. fxg6 Qxb4 39. gxf7 Qxc5 40.
Qf3 Rf8 41. Kg2 Qg5 42. Rxd4 Rxf7 43. Qe2 Qf6 44. e5 Qe6 45. Rg4+ Kf8 46. Rf4
b5 47. Qf2 Rxf4 48. gxf4 Qd5+ 49. Kf1 b4 50. Qh4 b3 51. Qf6+ Ke8 52. e6 Qf3+
53. Ke1 Qe3+ 54. Kf1 Qf3+ 55. Ke1 Qe3+ 1/2-1/2

[Event "37. Copenhagen Open (Politiken Cup)"]
[Site "Elsinore"]
[Date "2015.08.01"]
[Round "9"]
[White "Salerno, Christian"]
[Black "Matras, Ove"]
[Result "1-0"]
[WhiteElo "2129"]
[BlackElo "1940"]
[PlyCount "105"]
[EventDate "2015.07.25"]
[EventType "swiss"]
[EventRounds "10"]
[EventCountry "DEN"]
[Source "ChessBase"]
[SourceDate "2015.09.14"]

1. e4 d5 2. exd5 Nf6 3. c4 e6 4. dxe6 Bxe6 5. d4 Bb4+ 6. Nc3 Ne4 7. Bd2 Qxd4 8.
Nxe4 Qxe4+ 9. Qe2 Bxd2+ 10. Kxd2 Qxe2+ 11. Bxe2 Nc6 12. Nf3 Rd8+ 13. Kc3 O-O
14. Rad1 h6 15. b4 a6 16. a4 Ne7 17. Nd4 Bc8 18. Bf3 Ng6 19. g3 Ne5 20. Bg2 Ng4
21. Rd2 Rde8 22. Nc2 g6 23. h3 Nf6 24. Ne3 Kg7 25. Rd4 b6 26. Rhd1 c5 27. Rd6
Bxh3 28. Rxf6 Kxf6 29. Bxh3 cxb4+ 30. Kxb4 Rb8 31. Rd6+ Ke5 32. Rd7 f5 33. Re7+
Kd6 34. Rg7 Rf6 35. Bg2 g5 36. f4 gxf4 37. gxf4 a5+ 38. Kc3 Re8 39. Kd4 Rh8 40.
Nd1 Rhf8 41. Bd5 Re8 42. Rb7 Re2 43. Nc3 Rd2+ 44. Ke3 Rb2 45. Nd1 Rb1 46. Nf2
Rb4 47. Kd4 Rxa4 48. Rxb6+ Ke7 49. Rb7+ Kd6 50. Nd3 Rf8 51. Rh7 Re8 52. Nc5
Re4+ 53. Bxe4 1-0

[Event "37. Copenhagen Open (Politiken Cup)"]
[Site "Elsinore"]
[Date "2015.08.01"]
[Round "9"]
[White "Saltvedt, Martin"]
[Black "Kristensen, Lars Ostergaard"]
[Result "1-0"]
[WhiteElo "1864"]
[BlackElo "1675"]
[PlyCount "127"]
[EventDate "2015.07.25"]
[EventType "swiss"]
[EventRounds "10"]
[EventCountry "DEN"]
[Source "ChessBase"]
[SourceDate "2015.09.14"]

1. d4 d5 2. Nf3 Nf6 3. Bg5 e6 4. e3 h6 5. Bh4 Bd7 6. Bd3 Be7 7. Nbd2 Nc6 8. c3
O-O 9. O-O Rc8 10. Bg3 Bd6 11. Ne5 Be8 12. f4 Ne7 13. Bh4 Nf5 14. Bf2 Be7 15.
c4 Nd6 16. Qf3 c6 17. c5 Nde4 18. Nxe4 dxe4 19. Bxe4 Nxe4 20. Qxe4 Qd5 21. Qc2
f5 22. Be1 Bh5 23. h3 Bf6 24. Nd3 g5 25. Bg3 g4 26. Nb4 Qd8 27. Qc4 Bf7 28. Qe2
gxh3 29. gxh3 Kh8 30. Kh2 Rg8 31. Rg1 Rg6 32. Nd3 Qe7 33. Ne5 Bxe5 34. fxe5
Rcg8 35. Qf2 Qd7 36. Qf4 Qd5 37. a3 Kh7 38. Rae1 Qb3 39. Rg2 R6g7 40. Reg1 Qd5
41. Qh4 Qd8 42. Qf6 Qf8 43. Bf4 Rxg2+ 44. Rxg2 Rxg2+ 45. Kxg2 Qg7+ 46. Kf2 Qf8
47. Bxh6 Qxh6 48. Qxf7+ Qg7 49. Qxe6 Qg5 50. Qf7+ Kh6 51. Qf8+ Kh7 52. Qf7+ Kh6
53. e6 Qh4+ 54. Ke2 Qxh3 55. Qf6+ Kh7 56. Qg5 Qh2+ 57. Kd3 Qxb2 58. Qxf5+ Kh6
59. Ke4 Qg2+ 60. Ke5 Qd5+ 61. Kf6 Qd8+ 62. Kf7 Qc7+ 63. e7 Qg3 64. Qf4+ 1-0

[Event "37. Copenhagen Open (Politiken Cup)"]
[Site "Elsinore"]
[Date "2015.08.01"]
[Round "9"]
[White "Sande, Odmund"]
[Black "Tolba, Henri"]
[Result "1-0"]
[WhiteElo "1898"]
[BlackElo "1739"]
[PlyCount "51"]
[EventDate "2015.07.25"]
[EventType "swiss"]
[EventRounds "10"]
[EventCountry "DEN"]
[Source "ChessBase"]
[SourceDate "2015.09.14"]

1. d4 Nf6 2. c4 e6 3. Nf3 c5 4. d5 exd5 5. cxd5 d6 6. h3 a6 7. a4 Be7 8. Nc3
O-O 9. e4 Nbd7 10. Bd3 Re8 11. O-O Rb8 12. Bf4 b5 13. axb5 axb5 14. Bxb5 Nxe4
15. Nxe4 Rxb5 16. Bxd6 Nf6 17. Nxf6+ Bxf6 18. Bg3 Bf5 19. d6 Rxb2 20. Rc1 g6
21. Rxc5 Bd7 22. Rc7 Bb5 23. Qd5 Re6 24. Rfc1 Kg7 25. Ne5 Be8 26. Qxe6 1-0

[Event "37. Copenhagen Open (Politiken Cup)"]
[Site "Elsinore"]
[Date "2015.08.01"]
[Round "9"]
[White "Schadd, Jan"]
[Black "Van den Boogaart, Jan Maarten"]
[Result "1/2-1/2"]
[WhiteElo "1852"]
[BlackElo "2024"]
[PlyCount "40"]
[EventDate "2015.07.25"]
[EventType "swiss"]
[EventRounds "10"]
[EventCountry "DEN"]
[Source "ChessBase"]
[SourceDate "2015.09.14"]

1. d4 d5 2. c4 c6 3. Nf3 Nf6 4. cxd5 cxd5 5. Nc3 Nc6 6. Bf4 a6 7. e3 Bg4 8. Be2
e6 9. Ne5 Bxe2 10. Qxe2 Rc8 11. O-O Be7 12. Nxc6 Rxc6 13. Rac1 O-O 14. Na4 Qc8
15. Nb6 Qe8 16. Bc7 Bd6 17. Rxc6 Qxc6 18. Bxd6 Qxd6 19. Na4 Rc8 20. Nc5 Qc6
1/2-1/2

[Event "37. Copenhagen Open (Politiken Cup)"]
[Site "Elsinore"]
[Date "2015.08.01"]
[Round "9"]
[White "Schandorff, Lars"]
[Black "Risting, Eivind Olav"]
[Result "1/2-1/2"]
[WhiteElo "2520"]
[BlackElo "2190"]
[PlyCount "85"]
[EventDate "2015.07.25"]
[EventType "swiss"]
[EventRounds "10"]
[EventCountry "DEN"]
[Source "ChessBase"]
[SourceDate "2015.09.14"]

1. d4 Nf6 2. c4 c5 3. d5 b5 4. cxb5 a6 5. bxa6 g6 6. Nc3 Bg7 7. e4 O-O 8. Nf3
Qa5 9. Bd2 Bxa6 10. Be2 d6 11. O-O Bxe2 12. Qxe2 Qa6 13. Rfe1 Nfd7 14. b3 Qxe2
15. Rxe2 Na6 16. Rb1 Rfb8 17. Nd1 Nb4 18. Bxb4 Rxb4 19. Rc1 Nb6 20. Rcc2 c4 21.
Nd2 cxb3 22. Nxb3 Nc4 23. g3 Bf6 24. Kg2 Raa4 25. f3 Na5 26. Nxa5 Rxa5 27. Ne3
Raa4 28. Rc7 h5 29. Rec2 Rb1 30. Nc4 Kf8 31. f4 Bd4 32. e5 dxe5 33. fxe5 g5 34.
h3 Rxc4 35. R7xc4 Bxe5 36. Re4 Bd6 37. Ree2 Kg7 38. a4 Rb3 39. g4 Rg3+ 40. Kf1
hxg4 41. hxg4 Rxg4 42. a5 Rf4+ 43. Rf2 1/2-1/2

[Event "37. Copenhagen Open (Politiken Cup)"]
[Site "Elsinore"]
[Date "2015.08.01"]
[Round "9"]
[White "Schmied, Andreas"]
[Black "Harvey, Marcus Ross"]
[Result "0-1"]
[WhiteElo "2047"]
[BlackElo "2320"]
[PlyCount "58"]
[EventDate "2015.07.25"]
[EventType "swiss"]
[EventRounds "10"]
[EventCountry "DEN"]
[Source "ChessBase"]
[SourceDate "2015.09.14"]

1. e4 e6 2. d4 d5 3. Nd2 c5 4. exd5 exd5 5. Ngf3 Nc6 6. Bb5 Bd6 7. dxc5 Bxc5 8.
Nb3 Bd6 9. O-O h6 10. Re1+ Nge7 11. c3 O-O 12. Be3 Bg4 13. Be2 Re8 14. Nfd4 Bd7
15. Qc2 Ne5 16. Nf3 Bf5 17. Qd1 Nc4 18. Bc1 Qb6 19. Nfd4 Bg6 20. Bd3 Bc7 21.
Bxg6 Nxg6 22. Rb1 Nh4 23. Bd2 Qg6 24. g3 Bb6 25. Bf4 Nf5 26. Nf3 Rxe1+ 27. Qxe1
Qh5 28. Nbd2 g5 29. Nxc4 dxc4 0-1

[Event "37. Copenhagen Open (Politiken Cup)"]
[Site "Elsinore"]
[Date "2015.08.01"]
[Round "9"]
[White "Schmitt, Carsten1"]
[Black "Petersen, Peter Birk"]
[Result "1/2-1/2"]
[WhiteElo "1988"]
[BlackElo "2197"]
[PlyCount "44"]
[EventDate "2015.07.25"]
[EventType "swiss"]
[EventRounds "10"]
[EventCountry "DEN"]
[Source "ChessBase"]
[SourceDate "2015.09.14"]

1. c4 g6 2. g3 Bg7 3. Bg2 d6 4. Nc3 Nc6 5. Rb1 a5 6. a3 e5 7. b4 axb4 8. axb4
Nf6 9. e4 O-O 10. d3 Bg4 11. f3 Be6 12. Nge2 Qd7 13. Nd5 Ne8 14. b5 Nd8 15. O-O
Bh3 16. Be3 Bxg2 17. Kxg2 Ne6 18. Ra1 Nf6 19. Nxf6+ Bxf6 20. f4 exf4 21. Rxa8
Rxa8 22. Nxf4 Nxf4+ 1/2-1/2

[Event "37. Copenhagen Open (Politiken Cup)"]
[Site "Elsinore"]
[Date "2015.08.01"]
[Round "9"]
[White "Shankland, Samuel L"]
[Black "Schroeder, Jan Christian"]
[Result "1-0"]
[WhiteElo "2656"]
[BlackElo "2461"]
[PlyCount "101"]
[EventDate "2015.07.25"]
[EventType "swiss"]
[EventRounds "10"]
[EventCountry "DEN"]
[Source "ChessBase"]
[SourceDate "2015.09.14"]

1. e4 e5 2. Nf3 Nc6 3. Bc4 Nf6 4. Ng5 d5 5. exd5 Na5 6. Bb5+ c6 7. dxc6 bxc6 8.
Bd3 Nd5 9. Nf3 Bd6 10. O-O Nf4 11. Re1 Nxd3 12. cxd3 O-O 13. Nc3 Re8 14. Ne4 c5
15. b3 Nc6 16. Ba3 Bf8 17. Rc1 Nb4 18. Bxb4 cxb4 19. Ng3 Bb7 20. Rxe5 Rxe5 21.
Nxe5 Qd4 22. Nc4 Rd8 23. Qe2 g6 24. Re1 Qd5 25. Ne4 Bg7 26. Qf3 h6 27. Qg3 Bc6
28. h3 Qxd3 29. Qxd3 Rxd3 30. Re2 Kf8 31. Nc5 Rd4 32. Re3 Bb5 33. d3 Rd5 34.
Ne4 Bd4 35. Re2 a5 36. Rd2 a4 37. Kf1 Ke7 38. Rc2 f5 39. Ned2 Kf6 40. Ke2 Rd8
41. bxa4 Bxa4 42. Rc1 Re8+ 43. Kf1 Bc3 44. a3 Rd8 45. axb4 Bxb4 46. Ke2 Re8+
47. Ne3 f4 48. Rc4 fxe3 49. Ne4+ Kg7 50. Rxb4 Bc6 51. Kxe3 1-0

[Event "37. Copenhagen Open (Politiken Cup)"]
[Site "Elsinore"]
[Date "2015.08.01"]
[Round "9"]
[White "Shehzad, Shazil"]
[Black "Olsen, Kaj"]
[Result "1/2-1/2"]
[WhiteElo "1479"]
[BlackElo "1701"]
[PlyCount "35"]
[EventDate "2015.07.25"]
[EventType "swiss"]
[EventRounds "10"]
[EventCountry "DEN"]
[Source "ChessBase"]
[SourceDate "2015.09.14"]

1. e4 e5 2. Nf3 Nf6 3. Nxe5 d6 4. Nf3 Nxe4 5. d4 d5 6. Nbd2 Bg4 7. Be2 Bd6 8.
O-O O-O 9. h3 Bh5 10. Nxe4 dxe4 11. Nd2 Bg6 12. Nc4 Nc6 13. Nxd6 Qxd6 14. c3
Rad8 15. Be3 a6 16. a3 b6 17. Qb3 Na5 18. Qb4 1/2-1/2

[Event "37. Copenhagen Open (Politiken Cup)"]
[Site "Elsinore"]
[Date "2015.08.01"]
[Round "9"]
[White "Sigeman, Johan"]
[Black "Carstensen, Jacob"]
[Result "1/2-1/2"]
[WhiteElo "2138"]
[BlackElo "2336"]
[PlyCount "26"]
[EventDate "2015.07.25"]
[EventType "swiss"]
[EventRounds "10"]
[EventCountry "DEN"]
[Source "ChessBase"]
[SourceDate "2015.09.14"]

1. c4 e5 2. Nc3 Nf6 3. Nf3 Nc6 4. e3 Bb4 5. Qc2 Bxc3 6. Qxc3 Qe7 7. a3 a5 8.
Be2 d5 9. d4 exd4 10. Nxd4 Nxd4 11. Qxd4 dxc4 12. Qxc4 O-O 13. O-O Rd8 1/2-1/2

[Event "37. Copenhagen Open (Politiken Cup)"]
[Site "Elsinore"]
[Date "2015.08.01"]
[Round "9"]
[White "Sjodahl, Pontus"]
[Black "Zeier, Klaus"]
[Result "1/2-1/2"]
[WhiteElo "2425"]
[BlackElo "2229"]
[PlyCount "120"]
[EventDate "2015.07.25"]
[EventType "swiss"]
[EventRounds "10"]
[EventCountry "DEN"]
[Source "ChessBase"]
[SourceDate "2015.09.14"]

1. d4 Nf6 2. c4 e6 3. Nc3 Bb4 4. e3 b6 5. Nge2 c5 6. a3 Ba5 7. Rb1 Qe7 8. Bd2
O-O 9. d5 Bxc3 10. Nxc3 exd5 11. cxd5 Ne4 12. Bd3 Nxd2 13. Qxd2 d6 14. O-O Ba6
15. Bxa6 Nxa6 16. b4 Rac8 17. Nb5 Qd7 18. bxc5 Rxc5 19. Qd3 Nc7 20. Nc3 Rc8 21.
e4 Ra5 22. Ne2 Na6 23. Nd4 Nc5 24. Qf3 Ra4 25. Rb4 Re8 26. Re1 a5 27. Rxa4 Qxa4
28. Qc3 g6 29. f3 f5 30. Nc6 fxe4 31. h3 Nd3 32. Re3 Nf4 33. fxe4 Rxe4 34. Ne7+
Kf8 35. Nc8 Qd4 36. Qxd4 Rxd4 37. Nxd6 Nxd5 38. Re8+ Kg7 39. Rd8 Ra4 40. Nc8
Nf4 41. Rd7+ Kf6 42. Nxb6 Rxa3 43. Rxh7 Ra2 44. Nd7+ Kg5 45. g4 a4 46. Nc5 Nd5
47. Rd7 Ne3 48. Rd3 Kf4 49. Rd4+ Kf3 50. Rxa4 Rg2+ 51. Kh1 Rc2 52. Nd3 Rd2 53.
Ne1+ Kf2 54. Ra1 Nd1 55. Ng2 Nc3 56. Kh2 Ne4 57. h4 Ng3 58. Ra6 Nf1+ 59. Kh1
Ng3+ 60. Kh2 Nf1+ 1/2-1/2

[Event "37. Copenhagen Open (Politiken Cup)"]
[Site "Elsinore"]
[Date "2015.08.01"]
[Round "9"]
[White "Skjoldager, Mikael"]
[Black "Haugland, Rasmus L"]
[Result "1-0"]
[WhiteElo "2056"]
[BlackElo "1884"]
[PlyCount "53"]
[EventDate "2015.07.25"]
[EventType "swiss"]
[EventRounds "10"]
[EventCountry "DEN"]
[Source "ChessBase"]
[SourceDate "2015.09.14"]

1. e4 c6 2. d4 d5 3. Nc3 dxe4 4. Nxe4 Nd7 5. Ng5 Ngf6 6. Bd3 e6 7. N1f3 h6 8.
Nxe6 fxe6 9. Bg6+ Ke7 10. O-O Qc7 11. Re1 Kd8 12. c4 Be7 13. g3 Nf8 14. Bf4 Bd6
15. Bxd6 Qxd6 16. Ne5 Kc7 17. Nf7 Qb4 18. Nxh8 Qxc4 19. Bc2 Bd7 20. Nf7 Qb5 21.
Qd2 N8h7 22. Qf4+ Kb6 23. a4 Qc4 24. a5+ Ka6 25. Qd2 b5 26. axb6+ Kb7 27. Nd6+
1-0

[Event "37. Copenhagen Open (Politiken Cup)"]
[Site "Elsinore"]
[Date "2015.08.01"]
[Round "9"]
[White "Skjoldager, Per"]
[Black "Thaler, Toni"]
[Result "1-0"]
[WhiteElo "2170"]
[BlackElo "2025"]
[PlyCount "101"]
[EventDate "2015.07.25"]
[EventType "swiss"]
[EventRounds "10"]
[EventCountry "DEN"]
[Source "ChessBase"]
[SourceDate "2015.09.14"]

1. e4 c5 2. c3 d5 3. exd5 Nf6 4. Nf3 Nxd5 5. d4 e6 6. Be2 Nc6 7. O-O cxd4 8.
Nxd4 Qb6 9. Nxc6 bxc6 10. Nd2 Ba6 11. Bxa6 Qxa6 12. Qg4 h5 13. Qc4 Qxc4 14.
Nxc4 Bc5 15. Bd2 a5 16. Rad1 Ke7 17. Ne5 Rhc8 18. c4 Nb6 19. Bc3 Bb4 20. Bd4 c5
21. Be3 a4 22. a3 Ba5 23. Nd3 Nd7 24. f4 g6 25. Ne5 Nf6 26. Bf2 Ra7 27. Bh4 Bd8
28. Rxd8 Kxd8 29. Bxf6+ Ke8 30. Rd1 Rb7 31. Rd2 Rcb8 32. Nf3 Rd7 33. Kf2 Rb3
34. Ke2 Rxd2+ 35. Nxd2 Rb7 36. Ne4 Rc7 37. Nc3 Ra7 38. Ke3 Kd7 39. Ke4 Kc6 40.
h3 Ra6 41. g4 hxg4 42. hxg4 Ra7 43. g5 Ra6 44. Ke5 Kd7 45. Nb5 Rb6 46. Ke4 Rc6
47. Bc3 Ra6 48. Ke5 Ke7 49. Bd2 Ra8 50. Be3 Rc8 51. Nc3 1-0

[Event "37. Copenhagen Open (Politiken Cup)"]
[Site "Elsinore"]
[Date "2015.08.01"]
[Round "9"]
[White "Skovgaard, Andreas"]
[Black "Torkilseng, Runar"]
[Result "1-0"]
[WhiteElo "1649"]
[BlackElo "1792"]
[PlyCount "71"]
[EventDate "2015.07.25"]
[EventType "swiss"]
[EventRounds "10"]
[EventCountry "DEN"]
[Source "ChessBase"]
[SourceDate "2015.09.14"]

1. e4 c6 2. d4 d5 3. e5 c5 4. c3 e6 5. Bd3 Nc6 6. Nf3 cxd4 7. cxd4 Bd7 8. O-O
Qb6 9. Be2 Nge7 10. b3 Nf5 11. Bb2 Be7 12. g4 Nh6 13. Ne1 O-O-O 14. Nc2 f6 15.
exf6 gxf6 16. Nc3 Nf7 17. Na4 Qc7 18. Nc5 Kb8 19. Rc1 Rdg8 20. f3 h5 21. Rf2
hxg4 22. fxg4 Rh4 23. Ne3 Rgh8 24. Nf1 Ng5 25. Rg2 Bd6 26. Nxd7+ Qxd7 27. Bb5
Rh3 28. Rc3 Rxc3 29. Bxc3 Ne4 30. Be1 Rh3 31. Qc1 Qc7 32. Rc2 Qb6 33. Bxc6
Qxd4+ 34. Kh1 bxc6 35. Rxc6 Bc5 36. Bg3+ 1-0

[Event "37. Copenhagen Open (Politiken Cup)"]
[Site "Elsinore"]
[Date "2015.08.01"]
[Round "9"]
[White "Skovgaard, Ib"]
[Black "Halse, Iver"]
[Result "1-0"]
[WhiteElo "2031"]
[BlackElo "1560"]
[PlyCount "27"]
[EventDate "2015.07.25"]
[EventType "swiss"]
[EventRounds "10"]
[EventCountry "DEN"]
[Source "ChessBase"]
[SourceDate "2015.09.14"]

1. e4 c6 2. d4 d5 3. Nc3 dxe4 4. Nxe4 Bf5 5. Ng3 Bg6 6. h4 h6 7. Nh3 e6 8. Nf4
Bh7 9. Bd3 Bxd3 10. Qxd3 Nf6 11. O-O Nbd7 12. Re1 Nd5 13. Nxe6 Qc8 14. Nxg7+
1-0

[Event "37. Copenhagen Open (Politiken Cup)"]
[Site "Elsinore"]
[Date "2015.08.01"]
[Round "9"]
[White "Slettebo, Jan"]
[Black "Ask, Josef"]
[Result "0-1"]
[WhiteElo "2006"]
[BlackElo "2170"]
[PlyCount "108"]
[EventDate "2015.07.25"]
[EventType "swiss"]
[EventRounds "10"]
[EventCountry "DEN"]
[Source "ChessBase"]
[SourceDate "2015.09.14"]

1. e4 c5 2. Nf3 d6 3. Bb5+ Nd7 4. d4 Ngf6 5. Nc3 cxd4 6. Qxd4 e5 7. Qd3 h6 8.
Be3 Be7 9. Bc4 a6 10. a4 Qa5 11. O-O Nc5 12. Bxc5 Qxc5 13. Nd2 Be6 14. Bxe6
fxe6 15. Qh3 Kf7 16. Nb3 Qa7 17. Rae1 g5 18. Kh1 h5 19. Qe3 Qxe3 20. Rxe3 Rac8
21. Rc1 Rc4 22. Nd2 Rc7 23. Nd1 Rhc8 24. c3 Rc6 25. f3 Bd8 26. Re2 Ba5 27. Rb1
Bb6 28. g3 Nd7 29. c4 Bd4 30. a5 Nc5 31. b4 Nd3 32. Kg2 b6 33. Ne3 bxa5 34.
bxa5 Bc3 35. Rd1 Nc5 36. Nb1 Bxa5 37. Ra2 Bb4 38. Nc2 Rb8 39. Nxb4 Rxb4 40. Nd2
Rcb6 41. Kf1 Ke7 42. Ke2 Rb2 43. Rxb2 Rxb2 44. Rb1 Rxb1 45. Nxb1 Kd7 46. h4
gxh4 47. gxh4 a5 48. Ke3 a4 49. f4 Ke7 50. Na3 Kf6 51. Nb5 exf4+ 52. Kxf4 e5+
53. Ke3 Ke7 54. Nc3 a3 0-1

[Event "37. Copenhagen Open (Politiken Cup)"]
[Site "Elsinore"]
[Date "2015.08.01"]
[Round "9"]
[White "Smirin, Ilia"]
[Black "Smith, Axel"]
[Result "0-1"]
[WhiteElo "2663"]
[BlackElo "2449"]
[PlyCount "80"]
[EventDate "2015.07.25"]
[EventType "swiss"]
[EventRounds "10"]
[EventCountry "DEN"]
[Source "ChessBase"]
[SourceDate "2015.09.14"]

1. e4 e5 2. Nf3 Nf6 3. d4 Nxe4 4. Nxe5 d5 5. Bd3 Nd7 6. O-O Nxe5 7. dxe5 Nc5 8.
Nc3 c6 9. Qf3 Qh4 10. Nxd5 cxd5 11. Bb5+ Nd7 12. Qxd5 Qe7 13. Be3 Qe6 14. Qd3
Be7 15. Rad1 a6 16. Ba4 b6 17. f4 Ra7 18. f5 Qxe5 19. f6 gxf6 20. Rde1 O-O 21.
Bxb6 Bc5+ 22. Kh1 Bxb6 23. Rxe5 Nxe5 24. Qg3+ Ng6 25. h4 Re7 26. Rxf6 Bd4 27.
Rd6 Be5 28. Qd3 Bxd6 29. Qxd6 Re4 30. Bb3 Rxh4+ 31. Kg1 Bb7 32. c4 Rg4 33. g3
h5 34. c5 h4 35. c6 Rxg3+ 36. Kf2 Bc8 37. c7 Rg4 38. Bd1 Rf4+ 39. Kg1 h3 40.
Bh5 h2+ 0-1